Nomme qui a tuer les personnages d'Harry Potter - Statistiques

Statistiques générales
  • Ce quiz a été pris 107 fois
  • Le résultat moyen est 9 sur 13
Statistiques - réponses
Hint Réponse % Correct
James Voldemort
99%
Lily Voldemort
99%
Alastor Voldemort
99%
Sirius Bellatrix
98%
Tonks Bellatrix
98%
Dobby Bellatrix
98%
Albus Rogue
93%
Cedric Peter
79%
Bellatrix Molly
74%
Bartemius Croupton Senior Bartemius Croupton Jr
46%
Vincent Crabbe Vincent Crabbe
36%
Lupin Dolohov
21%
Fred Rookwood
3%
Aucun quiz correspondant
Distribution des résultats
% des personnes avec chaque résultat
Percentile par nombre de réponses
Votre historique - résultats
Vous n’avez pas pris ce quiz